Fundamentals of guidance and counseling / (Record no. 724)

MARC details
000 -LEADER
fixed length control field 00589nam a22001817a 4500
005 - DATE AND TIME OF LATEST TRANSACTION
control field 20230127083127.0
008 - FIXED-LENGTH DATA ELEMENTS--GENERAL INFORMATION
fixed length control field 230127b |||||||| |||| 00| 0 eng d
020 ## - INTERNATIONAL STANDARD BOOK NUMBER
International Standard Book Number 971-23-0433-7
082 ## - DEWEY DECIMAL CLASSIFICATION NUMBER
Classification number G.S./Fil. 371.4 K17 1974
100 ## - MAIN ENTRY--PERSONAL NAME
Personal name Kapunan, Rocio Reyes
Relator term author
245 ## - TITLE STATEMENT
Title Fundamentals of guidance and counseling /
Statement of responsibility, etc. Rocio Reyes Kapunan
250 ## - EDITION STATEMENT
Edition statement rev. ed.
260 ## - PUBLICATION, DISTRIBUTION, ETC.
Place of publication, distribution, etc. Manila:
Name of publisher, distributor, etc. Rex Book Store,
Date of publication, distribution, etc. c1974.
300 ## - PHYSICAL DESCRIPTION
Extent [175]p.;
Other physical details ill.
541 ## - IMMEDIATE SOURCE OF ACQUISITION NOTE
Accession number 1361 c.1, 1362 c.2, 1363 c.3, 1364 c.4, 3997 c.5, 3998 c.6
650 ## - SUBJECT ADDED ENTRY--TOPICAL TERM
Topical term or geographic name entry element Educational counseling
650 ## - SUBJECT ADDED ENTRY--TOPICAL TERM
Topical term or geographic name entry element Vocational guidance
Holdings
Withdrawn status Lost status Source of classification or shelving scheme Damaged status Not for loan Home library Current library Date acquired Total Checkouts Full call number Barcode Date last seen Copy number Price effective from Koha item type
    Dewey Decimal Classification     ctu-moalboal ctu-moalboal 06/13/2011   G.S./Fil. 371.4 K17 1974 1361 01/27/2023 1 01/27/2023 Books - Graduate School
    Dewey Decimal Classification     ctu-moalboal ctu-moalboal 06/13/2011   G.S./Fil. 371.4 K17 1974 1362 01/27/2023 2 01/27/2023 Books - Graduate School
    Dewey Decimal Classification     ctu-moalboal ctu-moalboal 06/13/2011   G.S./Fil. 371.4 K17 1974 1363 01/27/2023 3 01/27/2023 Books - Graduate School
    Dewey Decimal Classification     ctu-moalboal ctu-moalboal 06/13/2011   G.S./Fil. 371.4 K17 1974 1364 01/27/2023 4 01/27/2023 Books - Graduate School
    Dewey Decimal Classification     ctu-moalboal ctu-moalboal 11/14/2014   G.S./Fil. 371.4 K17 1974 3997 01/27/2023 5 01/27/2023 Books - Graduate School
    Dewey Decimal Classification     ctu-moalboal ctu-moalboal 11/14/2014   G.S./Fil. 371.4 K17 1974 3998 01/27/2023 6 01/27/2023 Books - Graduate School